Statistieken voor Tramlijn 1 in Amsterdam

Klik hier om de quiz te nemen!

Algemene statistieken

  • Deze quiz is 5 keer genomen
  • De gemiddelde score is 17 van 25

Antwoordstatistieken

HintAntwoord% Correct
Frederiksplein
100%
Leidseplein
100%
Surinameplein
100%
Vijzelgracht
100%
Weesperplein
100%
Derkinderenstraat
80%
Ecuplein
80%
Station lelylaan
80%
1e con huygensstraat
60%
Baden powellweg
60%
Beukenweg
60%
Dapperstraat
60%
Hoekenes
60%
Inaristraat
60%
Jp heijestraat
60%
K sgravesandestraat
60%
Linneausstraat
60%
Louis davidsstraat
60%
1 MuiderpoortstationMatterhorn
60%
Meer en vaart
60%
Muiderpoortstation
60%
Pilatus
60%
Rhijnvis feithstraat
60%
Rijksmuseum
60%
Johan huizinglaan
0%

Scoreverdeling

Percentiel versus Aantal Correcte Antwoorden

Procent van Mensen met Elke Score

Uw Scoregeschiedenis

U heeft deze quiz nog niet genomen